| 000 | 00941cam a2200241 4500 | ||
|---|---|---|---|
| 001 | WB3702-14 | ||
| 008 | 000000n2001 000 0 eng u | ||
| 035 | _a(Sirsi) u110323 | ||
| 245 | _a£100,000 salaries to rent London flat | ||
| 260 | _c2001 | ||
| 490 |
_aTimes _v11 January 2001, 9(1) |
||
| 520 | _aResearch by GlobalResident suggests that salaries of £100,000 are required to rent one-bedroom properties in desirable Central London areas, such as Chelsea and Knightsbridge. Rising city salaries and bonuses, and an influx of overseas workers taking highly paid jobs have prompted the soaring rents. Table. | ||
| 590 | _aWB | ||
| 650 | _aCENTRAL LONDON | ||
| 650 | _aRESIDENTIAL PROPERTIES | ||
| 650 | _aRESIDENTIAL RENTS | ||
| 650 | _aRENTAL PRICES | ||
| 650 | _aFLATS | ||
| 650 | _aSALARIES | ||
| 650 | _aONE-BEDROOM PROPERTIES | ||
| 690 | _aPROPERTY-RESIDENTIAL PROPERTY-RESIDENTIAL PROPERTY MARKET | ||
| 942 | _n0 | ||
| 999 |
_c65791 _d65791 |
||